<?xml version="1.0" encoding="UTF-8"?>
<record
    xmlns:xsi="http://www.w3.org/2001/XMLSchema-instance"
    xsi:schemaLocation="http://www.loc.gov/MARC21/slim http://www.loc.gov/standards/marcxml/schema/MARC21slim.xsd"
    xmlns="http://www.loc.gov/MARC21/slim">

  <leader>01634nam a22002777i 4500</leader>
  <datafield tag="999" ind1=" " ind2=" ">
    <subfield code="c">23103</subfield>
    <subfield code="d">23103</subfield>
  </datafield>
  <controlfield tag="003">AR-CdUCM</controlfield>
  <controlfield tag="008">241028b20102010 pe||||| |||| 00| 0 spa d</controlfield>
  <datafield tag="040" ind1=" " ind2=" ">
    <subfield code="a">MUNICIPALIDAD PROVINCIAL DEL CUSCO</subfield>
    <subfield code="c">BIBLIOTECA MUNICIPAL DEL CUSCO</subfield>
  </datafield>
  <datafield tag="082" ind1=" " ind2=" ">
    <subfield code="a">373.8561 / G96</subfield>
    <subfield code="b">G96</subfield>
  </datafield>
  <datafield tag="100" ind1=" " ind2=" ">
    <subfield code="a">Gutierrez Samanez, Blanca Lis</subfield>
  </datafield>
  <datafield tag="245" ind1=" " ind2=" ">
    <subfield code="a">La Primera Fundaci&#xF3;n para la Educaci&#xF3;n  de la Mujer Cusque&#xF1;a : Qui&#xE9;nes  y c&#xF3;mo pretenden desaparecerla /</subfield>
  </datafield>
  <datafield tag="260" ind1=" " ind2=" ">
    <subfield code="a">Lima : </subfield>
    <subfield code="c">2010</subfield>
  </datafield>
  <datafield tag="300" ind1=" " ind2=" ">
    <subfield code="a">101 p&#xE1;ginas. :  </subfield>
    <subfield code="b">Anexos: 20 p&#xE1;ginas</subfield>
    <subfield code="c">25 cm.</subfield>
  </datafield>
  <datafield tag="500" ind1=" " ind2=" ">
    <subfield code="z">Bibliograf&#xED;a: p&#xE1;ginas 99-101 </subfield>
  </datafield>
  <datafield tag="505" ind1=" " ind2=" ">
    <subfield code="a">Fundaci&#xF3;n colegio de las Mercedes -- Centro social de ex alumnas Mercedarias y fundaci&#xF3;n colegio de las Mercedes en el Cusco -- Los actos ilegales con las que se pretende hacer desaparecerla primera fundaci&#xF3;n femenina en el Cusco -- El centro social de ex alumnas Mercedarias -- Su aporte a la educaci&#xF3;n de la mujer cusque&#xF1;a -- La adquisici&#xF3;n del local y la instituci&#xF3;n de la fundaci&#xF3;n -- Colegio "Las Mercedes" centro de cultura democr&#xE1;tica -- El plantel, los profesores y el alumnado en 1916 -- Colegio Las Mercedes despu&#xE9;s de la muerte de la se&#xF1;orita Julia Umeres  y  Osma -- La ense&#xF1;anza y m&#xE9;todos aplicados en el colegio Las Mercedes -- Metodolog&#xED;a pedag&#xF3;gica en el colegio Las Mercedes -- Asociaci&#xF3;n de profesores   </subfield>
  </datafield>
  <datafield tag="650" ind1=" " ind2=" ">
    <subfield code="a">Fundaci&#xF3;n</subfield>
    <subfield code="9">9095</subfield>
  </datafield>
  <datafield tag="650" ind1=" " ind2=" ">
    <subfield code="a">Colegio </subfield>
    <subfield code="9">24384</subfield>
  </datafield>
  <datafield tag="650" ind1=" " ind2=" ">
    <subfield code="a">Asociaci&#xF3;n</subfield>
    <subfield code="9">30111</subfield>
  </datafield>
  <datafield tag="650" ind1=" " ind2=" ">
    <subfield code="a">Docentes</subfield>
    <subfield code="9">50751</subfield>
  </datafield>
  <datafield tag="650" ind1=" " ind2=" ">
    <subfield code="a">Ex alumnas</subfield>
    <subfield code="9">50752</subfield>
  </datafield>
  <datafield tag="650" ind1=" " ind2=" ">
    <subfield code="a">Pedagog&#xED;a</subfield>
    <subfield code="9">1560</subfield>
  </datafield>
  <datafield tag="650" ind1=" " ind2=" ">
    <subfield code="a">Ense&#xF1;anza</subfield>
    <subfield code="9">1616</subfield>
  </datafield>
  <datafield tag="942" ind1=" " ind2=" ">
    <subfield code="2">ddc</subfield>
    <subfield code="c">LIBROS</subfield>
  </datafield>
  <datafield tag="945" ind1=" " ind2=" ">
    <subfield code="a">pbj</subfield>
    <subfield code="d">28-10-2024</subfield>
  </datafield>
  <datafield tag="952" ind1=" " ind2=" ">
    <subfield code="0">0</subfield>
    <subfield code="2">ddc</subfield>
    <subfield code="4">0</subfield>
    <subfield code="7">0</subfield>
    <subfield code="a">SH</subfield>
    <subfield code="b">SH</subfield>
    <subfield code="c">CART</subfield>
    <subfield code="d">2024-10-28</subfield>
    <subfield code="e">Donaci&#xF3;n</subfield>
    <subfield code="g">20.00</subfield>
    <subfield code="o">373.8561 / G96 </subfield>
    <subfield code="p">SH0000016834</subfield>
    <subfield code="r">2024-10-28</subfield>
    <subfield code="y">LIBROS</subfield>
  </datafield>
</record>
